Central Library OPAC University of Rajshahi

Now we are six / (Record no. 71242)

MARC details
000 -LEADER
fixed length control field 01030nam a2200265 a 4500
001 - CONTROL NUMBER
control field 71242
003 - CONTROL NUMBER IDENTIFIER
rucl marc code BD-RjUL
005 - DATE AND TIME OF LATEST TRANSACTION
control field 20211209082107.0
008 - FIXED-LENGTH DATA ELEMENTS--GENERAL INFORMATION
fixed length control field 170430s1956 nyua j 000 0 eng d
035 ## - SYSTEM CONTROL NUMBER
System control number (BD-RjUL)71457
040 ## - CATALOGING SOURCE
Original cataloging agency DLC
Transcribing agency DLC
Modifying agency BD-RjUL
Language of cataloging eng
041 ## - LANGUAGE CODE
Language code of text/sound track or separate title eng
082 00 - DEWEY DECIMAL CLASSIFICATION NUMBER
Classification number 821.912
Edition number 23
Author mark and year MIN 1956
100 1# - MAIN ENTRY--PERSONAL NAME
Personal name Milne, A. A.
Fuller form of name (Alan Alexander),
Dates associated with a name 1882-1956.
9 (RLIN) 210782
245 10 - TITLE STATEMENT
Title Now we are six /
Statement of responsibility, etc. by A.A. Milne ; with decorations by Ernest H. Shepard.
260 ## - PUBLICATION, DISTRIBUTION, ETC. (IMPRINT)
Place of publication, distribution, etc. New York :
Name of publisher, distributor, etc. Methuen & Co.,
Date of publication, distribution, etc. 1956.
300 ## - PHYSICAL DESCRIPTION
Pagination x, 103 p. :
Illustrations ill. ;
Size 20 cm.
500 ## - GENERAL NOTE
General note "First published in the United States of America by E.P. Dutton, 1927"--T.p. verso.
520 ## - SUMMARY, ETC.
Summary, etc. A collection of poems reflecting the experiences of a little English boy growing up in the early part of the twentieth century.
650 #0 - SUBJECT ADDED ENTRY--TOPICAL TERM
Topical term or geographic name as entry element Children's poetry, English.
9 (RLIN) 166921
Topical term or geographic name as entry element English poetry.
9 (RLIN) 210783
700 1# - ADDED ENTRY--PERSONAL NAME
Personal name Shepard, Ernest H.
Fuller form of name (Ernest Howard),
Dates associated with a name 1879-1976,
Relator term ill.
942 ## - ADDED ENTRY ELEMENTS (KOHA)
Source of classification or shelving scheme Dewey Decimal Classification
Koha item type Books
Holdings
Lost status Source of classification or shelving scheme Damaged status Not for loan Collection code Permanent Location Current Location Shelving location Date acquired Source of acquisition Total Checkouts Full call number Date last seen Copy number Koha item type
  Dewey Decimal Classification   Not For Loan Non-fiction Central Library, University of Rajshahi Central Library, University of Rajshahi Reading Room 14/11/1992 N/A   821.912 MIN 1956 30/04/2017 C-1 Books